000 00641cab a2200217 4500
001 WB2841-56
008 090401t1992 xxu||||| |||| 00| 0 eng d
035 _a(Sirsi) u43818
041 _aeng
245 _aVAT windfall helps Canary
260 _c1992
350 _a0
490 _aEstates Times
_v(1163) 16 October 1992, 1(1)
520 _aIndicates how a VAT concession on tenants` fitting-out costs could save Canary Wharf`s administrators up to £65m and benefit other developers.
650 _aFITTING-OUT COSTS
650 _aSELF-SUPPLY CHARGE
650 _aVAT
690 _aTAXATION
942 _n0
948 _c04/03/1997
999 _c27929
_d27929